|
|
|
|
| LEADER |
00000cam a2200000 7i4500 |
| 001 |
0000002192 |
| 005 |
20030321.0 |
| 090 |
0 |
0 |
|a 634.9021
|b WAT 1991
|
| 100 |
1 |
0 |
|a WATTS
|h Martin
|
| 245 |
1 |
0 |
|a Growth and yield functions for the mixed/moist tropical rainforest of Peninsular Malaysia
|c prepared by Martin Watts
|
| 260 |
0 |
0 |
|a Kuala Lumpur :
|b ASEAN Institute of Forest Managementc1991
|
| 300 |
|
|
|a Various pagings ;
|c 29 cm.
|
| 650 |
0 |
0 |
|a Forests and forestry
|z Peninsular Malaysia
|
| 710 |
1 |
1 |
|a ASEAN Institute of Forest Management (AIFM)
|
| 998 |
|
|
|a JPSM
|
| 999 |
|
|
|a 0000003655
|b Monograph
|c Open Shelf
|e Default branch
|
| 999 |
|
|
|a 0000003656
|b Monograph
|c Open Shelf
|e Default branch
|
| 999 |
|
|
|a 0000003657
|b Monograph
|c Open Shelf
|e Default branch
|
| 999 |
|
|
|a 0000003692
|b Monograph
|c Open Shelf
|e Default branch
|
| 999 |
|
|
|a 0000003960
|b Monograph
|c Open Shelf
|e Default branch
|